| 000 | 00873nam a2200217Ia 4500 | ||
|---|---|---|---|
| 999 |
_c36632 _d36632 |
||
| 001 | 2552 | ||
| 003 | GE_BSU | ||
| 005 | 20190522153135.0 | ||
| 008 | 181216s1977||||ge |||||||||||||| ||geo|| | ||
| 040 | _cGE_BSU | ||
| 041 | _ageo | ||
| 080 | _a94(479.22)(075.8) კ–49 | ||
| 100 |
_aკიკვიძე, აბელ _91504 |
||
| 245 |
_aსაქართველოს ისტორია : _b(1801-1890 წ.წ.) ; სახელმძღვ. სტუდენტებისათვის / _cაბელ კიკვიძე. |
||
| 264 |
_aთბილისი _bთბილ. უნ-ტის გამ-ბა, _c1977. |
||
| 300 |
_a388 გვ.: _b3 ფ. ილ. ; _c22 სმ. |
||
| 504 | _aსაძიებლები: გვ. 365-389. | ||
| 541 | _h10ლ. | ||
| 653 | _aსაქართველოს ისტორია | ||
| 942 |
_cBK _2udc |
||